000 01443cab a2200277 4500
001 ABS45389
008 090401t1991 xxu||||| |||| 00| 0 eng d
035 _a(Sirsi) u52656
041 _aeng
100 _aBingham, T.
245 _aContracting law
260 _c1991
350 _a0
490 _aBuilding
_v256(7721) 15 November 1991, 33(1)
520 _aSummarises recent law case reports of building contract disputes. Hydrocarbons Great Britain v Cammell Laird Shipbuilders and others CA 1991 (53 BLR 84); J F Finnegan v Ford Sellar Morris Developments; J F Finnegan v Law QBD 1991 (53 BLR 38); R M Douglas Construction v Bass Leisure QBD 1990 (53 BLR 119); Antino v Epping Forest DC (53 BLR 56); Leicester Wholesale Fruit Market v Grundy and others (No 2) CA (No 2) CA 1990 (54 BLR 1); Wates Construction (London) v Franthom Property CA 1991 (53 BLR 23) and Hermcrest v G Percy Trentham CA 1991 (53 BLR 104).
650 _aHYDROCARBONS GREAT BRITAIN V CAMMELL LAIRD SHIPBUILDERS AND OTHERS
650 _aJ F FINNEGAN V FORD SELLAR MORRIS DEVELOPMENTS
650 _aJ F FINNEGAN V LAW
650 _aR M DOUGLAS CONSTRUCTION V BASS LEISURE
650 _aANTINO V EPPING FOREST DC
650 _aLEICESTER WHOLESALE FRUIT MARKET V GRUNDY AND OTHERS (NO 2)
650 _aWATES CONSTRUCTION (LONDON) LTD V FRANTHOM PROPERTY LTD
690 _aBUILT ENVIRONMENT-BUILDING CONTRACT FORMS
942 _n0
948 _c04/03/1997
999 _c32552
_d32552